00630nam a2200205 a 450000100060000000300080000600500170001400800410003103500190007204000270009104100080011808200220012610000330014824501100018126000420029130000290033350000190036265000110038165100320039265688BD-RjUL20211209081443.0170309s1937 enkabcf b 001 0 eng  a(BD-RjUL)65818 aDLCcDSCdBD-RjULbeng aeng a953223bTHA 19371 aThomas, Bertram,d1892-1950.14aThe Arabs :bthe life-story of a people who have left their deep impress on the world /c Bertram Thomas  aLondon :bT. Butterworth ltd.,c1937. a372 p. :bill. ;c24 cm. aIncludes index 0aArabs. 0aArabian PeninsulaxHistory.